Normal view
MARC view
Entry Topical Term
001 - CONTROL NUMBER
- control field: 8598
003 - CONTROL NUMBER IDENTIFIER
- control field: dpl
005 - DATE AND TIME OF LATEST TRANSACTION
- control field: 20100807142251.0
008 - FIXED-LENGTH DATA ELEMENTS
- fixed length control field: 100807|||a|||||| | ||| d
040 ## - CATALOGING SOURCE
- Original cataloging agency: dpl
- Transcribing agency: dpl
150 ## - HEADING--TOPICAL TERM
- Topical term or geographic name as entry element: Marine biotechnology
670 ## - SOURCE DATA FOUND
- Source citation: Work cat.: (dpl): Vijayalakshmi, S 8597, Marine biotechnology /, 2009
670 ## - SOURCE DATA FOUND
- Source citation: Work cat.: (dpl): Vijayalakshmi, S 8597, Marine biotechnology /, 2009
